000 00881nas a2200301 4500
001 BR9703137
003 BR-BrBNA
005 20231205100305.0
007 ta
008 230509b bl.|||p| |||| 00| 00por d
040 _aBR-BrBNA
_bpor
_cBiblioteca Nacional de Agricultura
041 _a(Pt)
072 _aE21
100 1 _aCalegario, C.L.L.
100 1 _aMoura Filho, J.A. de
100 1 _aGomes, M.A.O.
100 1 _aAlencar, E.
245 1 _aAs relacoes contratuais no setor leiteiro no contexto de agribusiness
650 _aLeite
650 _aIndustria Alimenticia
650 _aProdutor
650 _aContrato
650 _aComercializacao
650 _aMinas Gerais
773 0 _tCadernos de Administracao Rural (Brazil)
_xISSN 0103-412X
_g(Jul-Dec 1996), v. 8(2) p. 60-71
_wBR9703137
909 _a202311
_bLúcia
_c55
_dLúcia Elande
942 _2AGRIS
_n0
_cANA
999 _c155177
_d155177